| 000 | 00537nam a2200181Ia 4500 | ||
|---|---|---|---|
| 999 |
_c45417 _d45417 |
||
| 003 | GCL | ||
| 005 | 20240530104209.0 | ||
| 008 | 140319s9999 xx 000 0 ara d | ||
| 040 |
_aGCL / _cGCL |
||
| 082 | 0 | 4 |
_a301.426 _bا ا |
| 100 | 1 | _aاحمد زايد | |
| 245 | 1 | 0 |
_aالاسرة والطفولة : _bدراسات اجتماعية وانثروبولوجية / _cاحمد زايد |
| 300 | _a403 ص | ||
| 650 | 0 | 4 | _aالاسرة |
| 650 | 0 | 4 | _aالتنشئة الاجتماعية |
| 700 | 1 | _aطلعت لطفى | |
| 942 |
_2ddc _cBK |
||